000 01101nam a2200241 i 4500
001 157229
003 ES-MaACL
005 20250801093105.0
008 931025s1799 sp |||| | spa d
100 1 _aLatassa y Ortin, Félix de.
_970515
245 1 0 _aBiblioteca nueva de los escritores aragoneses
_b: que florecieron desde el año de 1641 hasta 1680 /
_csu autor el doctor don Felix de Latasa y Ortin... ; tomo \RIII\R.
260 _aEn Pamplona :
_ben la oficina de Joaquin de Domingo...,
_c1799.
300 _a[2], 672 p. ;
_c4º.
596 _aMarca de imp. en port.
597 _aSign.: [ ]\p1\s, A-Z\p4\s, 2A-2Z\p4\s, 3A-3Z\p4\s, 4A-4P\p4\s.
599 _aH. de grab. calc.: "Jf. Gab.\pl\s Lafuente lo gra.\po\s 1799", con imagen de S. Félix de Valois, en []\b2\s.
650 4 _aAragon-
_xBibliografia.
_9222733
650 0 _aLiteratura española-
_zAragón-
_xBibliografía
_9233447
650 0 _aEscritores aragoneses
_9234111
752 _aEspaña -
_dPamplona
852 _aES-MaACL
_jR-330-35
_z-- Enc. pasta española
_x Olim: C-2217-22
999 _c157229
_d157229